000 00548nam a2200217Ia 4500
003 OSt
005 20220928145013.0
006 a|||||r|||| 00| 0
007 ta
008 220927b |||||||| |||| 00| 0 eng d
024 _a78214
037 _cTextual
040 _aSDCL
_cSDCL
_beng
041 _2eng
_aeng
082 _aX:9, L8
100 _aDessler Gray
_9511206
245 0 _aPersonnel management
_b Modern concepts and techniques.
260 _c1978
942 _hX:9, L8
_cTEXL
_2CC
999 _c831435
_d831435